000 00967nam a2200253 a 4500
001 BRCA_114
005 20190320202902.0
008 920306s1990 mx-#---###---#000-0#eng-#
020 _a9688590525
040 _aDLC
_cDLC
050 4 _aF1211.S5
_b.S53 1990
100 1 _aShaler, William
_9443
245 1 0 _aDiario de un viaje entre China y la costa noroeste de América efectuado en 1804
_cWilliam Shaler ; traducción, edición y notas de Guadalupe Jiménez Codinach.
260 _aMéxico
_bUniversidad Iberoamericana, Departamento de Historia
_c1990
300 _a106 p.
_c21 cm.
500 _aTraducción de: Journal of a Voyage
500 _aBibliografía: p. 99-106
650 1 4 _aViajeros chinos
_ySiglo XVII
_9444
651 4 _aChina
_xDescripción y viajes
_ySiglo XVII
_9445
651 4 _aCalifornia (Estados Unidos)
_xDescripción y viajes
_ySiglo XVII
_9446
653 0 _aViajeros extranjeros
700 1 _aJiménez Codinach, Guadalupe
_9447
942 _2lcc
_cB
999 _c99
_d99